000 00670nam a22002177a 4500
005 20251108175235.0
008 250721s2012 xx 000 0 ara d
082 1 4 _aم/759.05/حسن
100 1 _aحسني، ايناس
245 1 0 _aالاستشراق و سحر حضارة الشرق /
264 1 _aدبي :
_bالصدى للصحافة و النشر و التوزيع،
_c2012.
300 _a329ص.
650 1 7 _aالفنون
650 1 7 _aالحضارة العربية
650 1 7 _aالحضارة الشرقية
650 1 7 _aالتصوير
650 1 7 _aالرسم
650 1 7 _aالقرن التاسع عشر
942 _2ddc
_cREF
999 _c129482
_d129482